• 首页
  • 本馆介绍
  • 公告通知
  • 最新文献
  • 馆藏检索
  • 电子资源
  • 读者导购
  • 参考咨询
  • 我的图书馆
  • 登录
  • 详细信息显示
  • 放入我的书架
  • 预约/预借图书
  • 作者相关作品
  • 分类相关作品
  • 丛书相关作品
  • 出版社相关作品

书目信息

  • 表格格式
  • 工作单格式
  • 卡片格式
题名:
农村测量
    
 
作者: ;广东师范学院数学系农村测量编写组 编
分册:  
出版信息: 北京   人民教育出版社  1977
页数: 255页
开本: 19cm
丛书名:
单 册:
中图分类: S29
科图分类:
主题词: 农业工程-工程测量 , 工程测量-农业工程
电子资源:
ISBN:
000 00702nam0 2200229 45
001 0177002603
005 20060920110348.84
010    @dCNY0.54
100    @a19951025d1977 em y0chiy0121 ea
101 0  @achi
102    @aCN@b110000
105    @ay z 000yy
200 10 @a农村测量@Anong cun ce liang@f广东师范学院数学系《农村测量》编写组编
210    @a北京@c人民教育出版社@d1977
215    @a255页@d19cm
606    @a农业工程-工程测量
606    @a工程测量-农业工程
690    @aS29@v3
711 02 @a广东师范学院数学系农村测量编写组@Aguang dong shi fan xue yuan shu xue xi nong cun ce liang bian xie zu@4编
801  0 @aCN@bTSSF@c20060920
801  2 @aCN@bNLC@c20060820
905    @a10447@dS29@e21
    
    农村测量/广东师范学院数学系《农村测量》编写组编.-北京:人民教育出版社,1977
    255页;19cm
    
    
    ISBN :CNY0.54
    
●
相关链接 在E读中查询图书 在五车中查询图书 在当当中查询图书 在豆瓣中查询图书


正题名:农村测量     索取号:S29/21         预约/预借

序号 登录号 条形码 馆藏地/架位号 状态 备注
1 0422312   204223125   密集书库/ [索取号:S29/21] 在馆    
2 0438381   204383817   密集书库/ [索取号:S29/21] 在馆    
3 0438382   204383826   密集书库/ [索取号:S29/21] 在馆    
4 0438383   204383835   密集书库/ [索取号:S29/21] 在馆    
5 0458577   204585779   密集书库/ [索取号:S29/21] 在馆    
6 0470340   204703400   密集书库/ [索取号:S29/21] 在馆    
唐山师范学院图书馆 欢迎您!
大连网信软件有限公司© 版权所有